| 000 | 00905nam a2200253Ia 4500 | ||
|---|---|---|---|
| 003 | OSt | ||
| 005 | 20221005113330.0 | ||
| 006 | a|||||r|||| 00| 0 | ||
| 007 | ta | ||
| 008 | 221004b |||||||| |||| 00| 0 pan d | ||
| 020 |
_a9788130200972 _c250 |
||
| 024 | _a117487 | ||
| 037 |
_b623, 07/03/2012, H.K. Prakashan _cTextual |
||
| 040 |
_aCRL _cCRL _bpan |
||
| 041 |
_2pan _apan |
||
| 082 | _aO168,1H80:g, 153Q1 | ||
| 100 | _aਬੇਦੀ, ਕਾਲਾ ਸਿੰਘ | ||
| 245 | 0 |
_aਬੁਲੇ੍ਹ ਾਹ _b ਆਲੋਚਨਾਤਮਕ ਅਧਿਐਨ |
|
| 260 |
_aਪਟਿਆਲਾ _bਪਬਲੀਕੇਨ ਬਿਊਰੋ ਭਾਰਤ _c2011 |
||
| 300 |
_a215ਪੰ _ccm. |
||
| 650 | _aਪੰਜਾਬੀ ਸਾਹਿਤ | ||
| 942 |
_hO168,1H80:g, 153Q1 _cTEXL _2cc |
||
| 999 |
_c1027832 _d1027832 |
||